| 000 | 00902nac a22002657a 4500 | ||
|---|---|---|---|
| 001 | BR7805626 | ||
| 003 | BR-BrBNA | ||
| 005 | 20240105114304.0 | ||
| 008 | 230509b bl.|||m| |||| 00| 0 por d | ||
| 040 |
_aBR-BrBNA _bpor _cBiblioteca Nacional de Agricultura |
||
| 072 | _aL10 | ||
| 090 | _a5212 BR7805626 | ||
| 110 | 1 |
_aAssociacao Brasileira de Criadores da Raca Simental, Cachoeiro de Itapemirim, ES _9236 |
|
| 245 | 1 | _aHerd Book Brasileiro da Raca Simental ano de 1978 [Registro genealogico; Brasil] | |
| 260 | 3 |
_aCachoeiro de Itapemirim, ES (Brasil): _c[nd]. |
|
| 300 | _a92 p. | ||
| 490 |
_aHerd - Book Brasileiro da Raca Simental (Brazil) _v _x |
||
| 500 | _aPublished after 1978 | ||
| 650 | _aMelhoramento genetico animal | ||
| 650 | _aGado simmental | ||
| 650 | _aRaca | ||
| 650 | _aRegistro genealogico | ||
| 909 |
_a202312 _bLúcia Elande _c55 _dLúcia Elande |
||
| 942 |
_2AGRIS _n0 _cMS |
||
| 999 |
_c268481 _d268481 |
||